المريخ والزهرة معًا إلى الأبد / (Record no. 15305)
[ view plain ]
| 000 -الفاتح | |
|---|---|
| حقل البيانات ثابتة الطول | 01113nam a22002177a 4500 |
| 008 - عناصر البيانات ثابتة الطول - معلومات عامة | |
| حقل البيانات ثابتة الطول | 110516s2010 su|||||r|||| 000 0 ara d |
| 020 ## - الرقم الدولى المعيارى للكتب | |
| الرقم الدولى المعيارى للكتاب | 9786000209384 |
| 082 ## - رقم تصنيف ديوى العشرى | |
| رقم الطبعة | 22 |
| رقم التصنيف | 158.2 |
| رقم المادة | ج ر ا |
| 100 ## - المدخل الرئيسى - إسم شخصى | |
| 9 (RLIN) | 23861 |
| الإسم الشخصى | جراي، جون |
| 245 ## - بيان العنوان | |
| العنوان | المريخ والزهرة معًا إلى الأبد / |
| بيان المسئوليه,etc | جون جراي |
| 260 ## - PUBLICATION, DISTRIBUTION, ETC. (IMPRINT) | |
| مكان الناشر او الموزع | الرياض : |
| اسم الناشر او الموزع | مكتبة جرير، 2010 |
| تاريخ النشر أو التوزيع | 2010 |
| 300 ## - الوصف المادى | |
| التعداد | 304 ص ؛ |
| أبعاد الوعاء | 20 سم |
| 500 ## - تبصرة عامة | |
| تبصرة عامة | العنوان على الغلاف: المريخ والزهرة معًا إلى الأبد :مهارات للعلاقات العاطفية من أجل حب دائم |
| 500 ## - تبصرة عامة | |
| تبصرة عامة | ترجمة لكتاب: Mars and Venus Together Forever : Relationship skills for Lasting Love |
| 650 ## - المدخل الاضافى بالموضوع-مصطلح موضوعى | |
| 9 (RLIN) | 23866 |
| مصطلح موضوعي أو اسم جغرافي كعنصر مدخل | العلاقات الإنسانية |
| 650 ## - المدخل الاضافى بالموضوع-مصطلح موضوعى | |
| 9 (RLIN) | 23867 |
| مصطلح موضوعي أو اسم جغرافي كعنصر مدخل | العلاقات الاجتماعية |
| 650 ## - المدخل الاضافى بالموضوع-مصطلح موضوعى | |
| 9 (RLIN) | 23868 |
| مصطلح موضوعي أو اسم جغرافي كعنصر مدخل | الزواج |
| 653 ## - مصطلح تكشيفى غير مقيد | |
| Resource For college | |
| Arrived date list | May2011 |
| 942 ## - عناصر المدخل الإضافي( كوها) | |
| مصدر التصنيف او مخطط الترفيف | Dewey Decimal Classification |
| Koha [default] item type | Book - Borrowing |
| حالة التراجع | حالة الفقد | مصدر التصنيف او خطة الترفيف | حالة تلف | ليس للاعارة | مجموعات كوها | المكان الدائم | المكان الحالي | موقع الترفيف | تاريخ الاكتساب | Source of acquisition | سعر الشراء الطبيعي | تعداد مسلسل / التسلسل الزمني | رقم الاستدعاء | الباركود | Date last checked out | Date last seen | مُعار | نوع الوعاء |
|---|---|---|---|---|---|---|---|---|---|---|---|---|---|---|---|---|---|---|
| Dewey Decimal Classification | Diwan | Central Library | Central Library | Lower Floor | 16/05/2011 | 50.00 | 124070 | 158.2 ج ر ا | 000023579 | 18/10/2025 | 17/09/2025 | 17/09/2025 | Book - Borrowing |